On being the church across frontiers : (Record no. 8057)

MARC details
000 -LEADER
fixed length control field 01165nam a2200301 a 4500
001 - CONTROL NUMBER
control field 4882785
005 - DATE AND TIME OF LATEST TRANSACTION
control field 19930421142449.3
008 - FIXED-LENGTH DATA ELEMENTS--GENERAL INFORMATION
fixed length control field 921228s1992 sz b 000 0 eng
010 ## - LIBRARY OF CONGRESS CONTROL NUMBER
LC control number 92252402
020 ## - INTERNATIONAL STANDARD BOOK NUMBER
International Standard Book Number 2825410934
040 ## - CATALOGING SOURCE
Original cataloging agency DLC
Transcribing agency DLC
041 1# - LANGUAGE CODE
Language code of text/sound track or separate title eng
Language code of original and/or intermediate translations of text dut
043 ## - GEOGRAPHIC AREA CODE
Geographic area code e------
050 00 - LIBRARY OF CONGRESS CALL NUMBER
Classification number BR735
Item number .B54 1992
100 1# - MAIN ENTRY--PERSONAL NAME
Personal name Blei, Karel.
651 #0 - SUBJECT ADDED ENTRY--GEOGRAPHIC NAME
Geographic name Europe
651 #0 - SUBJECT ADDED ENTRY--GEOGRAPHIC NAME
Geographic name Europe
240 10 - UNIFORM TITLE
Uniform title <a href="Kerk-zijn over grenzen heen.">Kerk-zijn over grenzen heen.</a>
Language of a work English
245 10 - TITLE STATEMENT
Title On being the church across frontiers :
Remainder of title a vision of Europe today /
Statement of responsibility, etc Karel Blei.
260 ## - PUBLICATION, DISTRIBUTION, ETC. (IMPRINT)
Place of publication, distribution, etc Geneva :
Name of publisher, distributor, etc Published for the World Alliance of Reformed Churches by WCC Publications,
Date of publication, distribution, etc c1992.
300 ## - PHYSICAL DESCRIPTION
Extent 81 p. ;
Dimensions 22 cm.
504 ## - BIBLIOGRAPHY, ETC. NOTE
Bibliography, etc Includes bibliographical references.
650 #0 - SUBJECT ADDED ENTRY--TOPICAL TERM
Topical term or geographic name as entry element Church and state
Geographic subdivision Europe.
651 #0 - SUBJECT ADDED ENTRY--GEOGRAPHIC NAME
General subdivision Politics and government
Chronological subdivision 1989-
651 #0 - SUBJECT ADDED ENTRY--GEOGRAPHIC NAME
General subdivision Economic policy.
906 ## - LOCAL DATA ELEMENT F, LDF (RLIN)
a 7
b cbc
c orignew
d 2
e ncip
f 19
g y-gencatlg
942 ## - ADDED ENTRY ELEMENTS (KOHA)
Source of classification or shelving scheme Library of Congress Classification
Item type Book
Holdings
Withdrawn status Lost status Source of classification or shelving scheme Damaged status Not for loan Collection code Home library Current library Shelving location Date acquired Total Checkouts Full call number Barcode Price effective from Koha item type
    Library of Congress Classification     Non-fiction Bishop Okullu Memorial Library (Limuru Campus) Bishop Okullu Memorial Library (Limuru Campus) General Circulation 15/12/2008   BR735 .B54 1992 013309 15/12/2008 Book